000
00318nam a22001337a 4500
008
170307b xxu||||| |||| 00| 0 eng d
020
_a
9780805349160
041
_a
eng
080
_2
5ED
_a
611
100
_a
6
101
_a
SHM
245
_a
HUMAN ANATOMY PHYSIOLOGY LABORATORY MANUAL
_c
MARIEB.E.N
942
_2
udc
_c
BK
999
_c
7040
_d
7040